| 000 | 01118aam a2200469 4500 | ||
|---|---|---|---|
| 005 | 20240307141242.0 | ||
| 008 | 150525b xxu||||| |||| 00| 0 spa d | ||
| 020 | _a9789706865472 | ||
| 041 | _aESP | ||
| 082 | _a658.8 L218m8 | ||
| 100 |
_aLamb, Charles _946096 |
||
| 100 |
_aHair, Joseph _96342 |
||
| 100 |
_aMcDaniel, Carl _941839 |
||
| 245 | _aMarketing | ||
| 250 | _a8 edición | ||
| 260 | _aMéxico | ||
| 260 | _bCengage Learning | ||
| 260 | _c2006 | ||
| 300 | _a746 páginas | ||
| 650 | _aMERCADOTECNIA | ||
| 650 | _aMARKETING | ||
| 650 | _aVENTAS | ||
| 650 | _aMERCADO | ||
| 650 | _aPLANEACIÓN ESTRATÉGICA | ||
| 650 | _aPLAN DE MERCADO | ||
| 650 | _aMERCADO META | ||
| 650 | _aRELACIONES PÚBLICAS | ||
| 650 | _aEMPRENDEDORES | ||
| 650 | _aMARKETING GLOBAL | ||
| 650 | _aCONSUMIDOR | ||
| 650 | _aSEGMENTACIÓN DE MERCADOS | ||
| 650 | _aPOSICIONAMIENTO | ||
| 650 | _aPRODUCTO | ||
| 650 | _aCADENA DE ABASTECIMIENTO | ||
| 650 | _aPROMOCIÓN | ||
| 650 | _aPUBLICIDAD | ||
| 650 | _aDEMANDA | ||
| 942 |
_cBK _2ddc |
||
| 999 |
_c2229 _d2229 |
||